| 000 | 00630nam a22002297a 4500 | ||
|---|---|---|---|
| 003 | 0 | ||
| 005 | 20250819124124.0 | ||
| 008 | 130917t xxu||||| |||| 00| 0 eng d | ||
| 020 | _a0-553-28740-0 | ||
| 050 |
_aPS 3557.I258 _b.G54 1991 |
||
| 100 |
_92861 _aGifford, Thomas |
||
| 245 |
_aThe Assassini / _cThomas Gifford. |
||
| 260 |
_aNew York : _bPenguin Books. _c1991. |
||
| 300 |
_ax, 672 pages ; _c18 cm. |
||
| 562 | _e1 | ||
| 650 |
_aConspiracies _vFiction. |
||
| 650 |
_aVatican City (Vatican City) _vFiction. |
||
| 650 |
_aAssassins _vFiction. |
||
| 650 | _aThrillers (Fiction). | ||
| 942 |
_2lcc _cBK |
||
| 999 |
_c11605 _d11605 |
||